Business navigácia
Informačné systémy a technológie v riadení podniku. Informatizácia procesov manažérskeho riadenia. Prínosy - vyššia dynamika, vyššia flexibilita, vyššia spoľahlivosť/korektnosť. Zdokonalená navigačná optika. Previazanosť-integrácia-komplexnosť. Rovnováha a štandardizácia.
Gespeichert in:
| 1. Verfasser: | |
|---|---|
| Format: | Buchkapitel |
| Sprache: | Slowakisch |
| Schlagworte: | |
| Tags: |
Keine Tags, Fügen Sie das erste Tag hinzu!
|
MARC
| LEADER | 00000nla$a2200000$$$4500 | ||
|---|---|---|---|
| 001 | 0068466 | ||
| 005 | 20240502071828.4 | ||
| 041 | 0 | |a slo | |
| 044 | |a SK | ||
| 245 | 1 | 0 | |a Business navigácia |c Miroslav Babič |
| 520 | |a Informačné systémy a technológie v riadení podniku. Informatizácia procesov manažérskeho riadenia. Prínosy - vyššia dynamika, vyššia flexibilita, vyššia spoľahlivosť/korektnosť. Zdokonalená navigačná optika. Previazanosť-integrácia-komplexnosť. Rovnováha a štandardizácia. | ||
| 610 | 2 | 0 | |a technológie informačné |
| 610 | 2 | 0 | |a systémy informačné |
| 610 | 2 | 0 | |a riadenie podnikové |
| 610 | 2 | 0 | |a manažment informačný |
| 100 | 1 | |a Babič, Miroslav | |